[Event "4NCL Division Four"]
[Site "Warwick, ENG"]
[Date "2024.02.10"]
[Round "5.86"]
[White "Mehta, Sophie"]
[Black "Sloan, Hamish"]
[Result "0-1"]
[WhiteElo "1475"]
[BlackElo "1506"]
[PlyCount "142"]
[EventDate "2024.02.10"]
[WhiteTeam "She Plays To Win Young Stars A"]
[BlackTeam "CSC/Kingston 3"]

1. d4 Nf6 2. Bf4 d6 3. Nc3 b6 4. e4 Bb7 5. Bd3 Nbd7 6. Nf3 e6 7. Qd2 Be7 8. h3 c5 9. Bh2 O-O 10. O-O cxd4 11. Nxd4 Nc5 12. Rae1 Nxd3 13. Qxd3 Nd7 14. Qd1 Nc5 15. b4 Na6 16. a3 Nc7 17. b5 a6 18. Nc6 Bxc6 19. bxc6 Rc8 20. Qd3 Na8 21. Qxa6 Rxc6 22. Qd3 Qc8 23. Nb5 Qa6 24. Nd4 Qxd3 25. cxd3 Rc3 26. Nb5 Rxd3 27. Rd1 Rxd1 28. Rxd1 e5 29. Rc1 Rd8 30. f3 Kf8 31. Bg3 f6 32. Bf2 Ke8 33. Kf1 Kd7 34. Ke2 Rc8 35. Rxc8 Kxc8 36. Kd3 Kb7 37. Kc4 Nc7 38. Nxc7 Kxc7 39. Kb5 d5 40. Bxb6+ Kd7 41. Bc5 d4 42. Bxe7 Kxe7 43. Kc4 Kd6 44. h4 h6 45. h5 Kc6 46. a4 Kb6 47. Kb4 Ka6 48. a5 Kb7 49. g3 Ka6 50. Ka4 d3 51. Kb3 Kxa5 52. Kc3 d2 53. Kxd2 Kb4 54. Kd3 Kb3 55. f4 Kb4 56. Ke2 Kc4 57. Ke3 Kc3 58. g4 Kc4 59. Kf3 Kd3 60. g5 hxg5 61. fxg5 fxg5 62. Kg4 Kxe4 63. Kxg5 Kf3 64. Kg6 Kg4 65. Kxg7 Kxh5 66. Kf6 e4 67. Kf5 e3 68. Kf4 e2 69. Kf3 e1=Q 70. Kg2 Kg4 71. Kh2 Kf3 0-1

[Event "4NCL Division Four"]
[Site "Warwick, ENG"]
[Date "2024.02.10"]
[Round "5.91"]
[White "Davis, Lee"]
[Black "Singh, Avyanna"]
[Result "1-0"]
[WhiteElo "2076"]
[BlackElo "1356"]
[PlyCount "85"]
[EventDate "2024.02.10"]
[WhiteTeam "The Full Ponty"]
[BlackTeam "She Plays To Win Young Stars B"]

1. d4 d5 2. c4 dxc4 3. Nf3 Nf6 4. g3 e6 5. Bg2 Be7 6. O-O O-O 7. Qc2 Nbd7 8. a4 a5 9. Nbd2 Nb6 10. Nxc4 Nbd5 11. Bd2 Nd7 12. Bxa5 b6 13. Bc3 Bb7 14. Rfd1 N5f6 15. Nfe5 Nd5 16. Nd3 Rb8 17. e4 Nxc3 18. bxc3 c6 19. e5 f6 20. Bh3 f5 21. Nf4 Qc8 22. Nxe6 Rf7 23. Bxf5 Kh8 24. Nf4 Ba6 25. Ne3 Bg5 26. e6 Rf6 27. exd7 Qg8 28. Nh3 Bxe3 29. fxe3 Qf7 30. Bd3 Bb7 31. Rf1 Rxf1+ 32. Rxf1 Qxd7 33. Ng5 Qe7 34. Nf7+ Kg8 35. Bxh7+ Kf8 36. Nd6+ Qf6 37. Rxf6+ gxf6 38. Qg6 Ke7 39. Nxb7 Rxb7 40. Qg7+ Kd6 41. Qxb7 Kd5 42. Bd3 b5 43. Qd7# 1-0

[Event "4NCL Division Four"]
[Site "Warwick, ENG"]
[Date "2024.02.10"]
[Round "5.92"]
[White "Scott, Jane"]
[Black "Adams, Mark"]
[Result "0-1"]
[WhiteElo "1307"]
[BlackElo "2004"]
[PlyCount "70"]
[EventDate "2024.02.10"]
[WhiteTeam "She Plays To Win Young Stars B"]
[BlackTeam "The Full Ponty"]

1. e4 c5 2. c3 g6 3. d4 cxd4 4. cxd4 d5 5. e5 Bg7 6. Nf3 Nc6 7. Bb5 Bd7 8. Nc3 e6 9. O-O Nge7 10. b3 Rc8 11. Bd3 Nxd4 12. Nxd4 Rxc3 13. Nb5 Bxb5 14. Bxb5+ Kf8 15. Bb2 Rc8 16. Bd3 Kg8 17. f4 h5 18. h3 Nc6 19. Bc3 Bf8 20. Be1 Be7 21. g4 hxg4 22. Qxg4 Bc5+ 23. Kh1 Ne7 24. Rc1 Nf5 25. Bxf5 exf5 26. Qg2 Qd7 27. Rf3 Kg7 28. Rd3 Rh5 29. Rxd5 Rxh3+ 30. Qxh3 Qxd5+ 31. Kh2 Rh8 32. Bh4 Qd2+ 33. Qg2 Rxh4+ 34. Kg3 Rg4+ 35. Kf3 Qxg2# 0-1

[Event "4NCL Division Four"]
[Site "Warwick, ENG"]
[Date "2024.02.10"]
[Round "5.93"]
[White "Perrett, David C"]
[Black "Sengupta, Sohana"]
[Result "1-0"]
[WhiteElo "2012"]
[BlackElo "1268"]
[PlyCount "67"]
[EventDate "2024.02.10"]
[WhiteTeam "The Full Ponty"]
[BlackTeam "She Plays To Win Young Stars B"]

1. d4 d5 2. Bg5 Nf6 3. Bxf6 exf6 4. e3 Be7 5. g3 O-O 6. Bg2 Bf5 7. Nd2 c6 8. Ne2 Na6 9. O-O Qd7 10. c4 dxc4 11. Nxc4 Bh3 12. Bxh3 Qxh3 13. a4 Rfd8 14. Nc3 Qe6 15. Qe2 Nc7 16. Rfd1 c5 17. dxc5 Bxc5 18. b3 Qc6 19. Qh5 a6 20. Na5 Rxd1+ 21. Nxd1 Qb6 22. Nxb7 Be7 23. Na5 Rb8 24. b4 Ne6 25. Nc3 Nc7 26. Nd5 Nxd5 27. Qxd5 Rd8 28. Qe4 Bxb4 29. Nc6 Qb7 30. Rb1 a5 31. Rxb4 axb4 32. Ne7+ Qxe7 33. Qxe7 Rd1+ 34. Kg2 1-0

[Event "4NCL Division Four"]
[Site "Warwick, ENG"]
[Date "2024.02.10"]
[Round "5.94"]
[White "Tager, Maya"]
[Black "Roberts, David L"]
[Result "1/2-1/2"]
[WhiteElo "1259"]
[BlackElo "1979"]
[PlyCount "89"]
[EventDate "2024.02.10"]
[WhiteTeam "She Plays To Win Young Stars B"]
[BlackTeam "The Full Ponty"]

1. e4 d5 2. exd5 Nf6 3. Nf3 Nxd5 4. Bc4 e6 5. O-O Be7 6. d4 O-O 7. c3 b6 8. Nbd2 Bb7 9. a4 a6 10. Qc2 Nd7 11. Ne4 N5f6 12. Nxf6+ Nxf6 13. Ne5 Be4 14. Qe2 b5 15. Bd3 Bxd3 16. Qxd3 Qd5 17. Be3 Rfd8 18. axb5 axb5 19. Rxa8 Rxa8 20. Qe2 Ra2 21. h4 Ne4 22. Qc2 f6 23. Nd3 Bd6 24. Qb1 Ra8 25. Nf4 Bxf4 26. Bxf4 Nd6 27. Qd1 c6 28. h5 Kf7 29. h6 g6 30. Bxd6 Qxd6 31. Qf3 Ra2 32. Rb1 Ke7 33. Qe3 Qd5 34. f4 Qf5 35. Qc1 Qe4 36. Ra1 Qd5 37. Qb1 Ra4 38. Rxa4 bxa4 39. Qa1 Qb3 40. Kh2 Kd6 41. Qc1 Kd5 42. Qd2 Qb5 43. Qf2 Kd6 44. g4 Qd3 45. g5 1/2-1/2

[Event "4NCL Division Four"]
[Site "Warwick, ENG"]
[Date "2024.02.10"]
[Round "5.95"]
[White "Hughes, Anthony"]
[Black "Lowe, Catherine"]
[Result "1/2-1/2"]
[WhiteElo "1883"]
[BlackElo "1266"]
[PlyCount "118"]
[EventDate "2024.02.10"]
[WhiteTeam "The Full Ponty"]
[BlackTeam "She Plays To Win Young Stars B"]

1. c4 Nf6 2. Nc3 g6 3. g3 Bg7 4. Bg2 O-O 5. e4 d6 6. Nge2 e5 7. O-O Be6 8. d3 Nc6 9. h3 Qd7 10. Kh2 Rab8 11. Nd5 Bxd5 12. cxd5 Ne7 13. Be3 a6 14. Nc3 b5 15. b4 c6 16. d4 exd4 17. Bxd4 cxd5 18. Nxd5 Nexd5 19. exd5 Rfe8 20. Rc1 Rbc8 21. Qd3 Rxc1 22. Rxc1 Rc8 23. Rc6 Ra8 24. Qc3 Ne8 25. Bxg7 Nxg7 26. Bf3 Ne8 27. Kg2 h5 28. h4 Kh7 29. Qd4 a5 30. a3 axb4 31. axb4 Rb8 32. g4 hxg4 33. Bxg4 f5 34. Bf3 Qg7 35. Qxg7+ Kxg7 36. Kg3 Kf6 37. Kf4 Kg7 38. Kg5 Rd8 39. h5 gxh5 40. Bxh5 Nf6 41. Rc7+ Rd7 42. Rxd7+ Nxd7 43. Kxf5 Nf6 44. Bf3 Kf7 45. Bg2 Ne8 46. Ke4 Kf6 47. Bf1 Nc7 48. Bh3 Na6 49. Bd7 Nxb4 50. Bxb5 Nc2 51. Bd3 Ne1 52. Be2 Ng2 53. Bh5 Kg5 54. Be8 Nh4 55. Bf7 Nf5 56. Be6 Ng7 57. Bd7 Nh5 58. Be6 Nf6+ 59. Ke3 Nh5 1/2-1/2

[Event "4NCL Division Four"]
[Site "Warwick, ENG"]
[Date "2024.02.10"]
[Round "5.96"]
[White "Burgess, Rose"]
[Black "Llewellyn, Alan M"]
[Result "1-0"]
[WhiteElo "1219"]
[BlackElo "1687"]
[PlyCount "145"]
[EventDate "2024.02.10"]
[WhiteTeam "She Plays To Win Young Stars B"]
[BlackTeam "The Full Ponty"]

1. e4 c5 2. Nf3 d6 3. d4 cxd4 4. Nxd4 Nf6 5. Nc3 g6 6. Be3 Bg7 7. f3 O-O 8. Qd2 Nc6 9. Nde2 Be6 10. Bh6 Nb4 11. Bxg7 Kxg7 12. a3 Na6 13. g4 h5 14. gxh5 Nxh5 15. Rg1 Qb6 16. O-O-O Nc5 17. Qg5 Nf6 18. Nd4 Rh8 19. Bd3 Nxd3+ 20. Rxd3 Bc4 21. Rd2 Rh5 22. Qg3 e6 23. f4 Rg8 24. f5 Kf8 25. fxe6 Bxe6 26. Nxe6+ fxe6 27. Rxd6 Rh3 28. Rxb6 Rxg3 29. Rxg3 axb6 30. Rg5 Nd7 31. Nb5 Ke7 32. e5 Rg7 33. h4 Rh7 34. Rxg6 Nxe5 35. Rg8 Rxh4 36. Rb8 Nc4 37. Rxb7+ Kf6 38. Kb1 Rh5 39. a4 e5 40. b3 Nd2+ 41. Kc1 Ne4 42. Rxb6+ Kf5 43. a5 Nc5 44. a6 Rh8 45. a7 Nd7 46. Rb7 Ke6 47. Nc7+ Kd6 48. a8=Q Rxa8 49. Nxa8 Kc6 50. Rb4 Nc5 51. Rc4 Kb5 52. Nc7+ Kb6 53. Nd5+ Kb5 54. Ne3 e4 55. b4 Na6 56. Rxe4 Nxb4 57. Rxb4+ Kxb4 58. Kb2 Kb5 59. Kb3 Kc5 60. c4 Kd4 61. Kb4 Ke5 62. c5 Ke6 63. Kb5 Kd7 64. Kb6 Kc8 65. Kc6 Kb8 66. Kd7 Ka8 67. c6 Ka7 68. c7 Kb6 69. c8=Q Ka7 70. Qc1 Kb6 71. Nd5+ Kb5 72. Kd6 Ka4 73. Qb2 1-0

[Event "4NCL Division Four"]
[Site "Warwick, ENG"]
[Date "2024.02.10"]
[Round "5.101"]
[White "Nelson, Omowale"]
[Black "Ortiz Sanchez, Luis"]
[Result "1-0"]
[WhiteElo "1949"]
[BlackElo "1998"]
[PlyCount "155"]
[EventDate "2024.02.10"]
[WhiteTeam "Watford A"]
[BlackTeam "Iceni 2"]

1. d4 d6 2. Nf3 Nf6 3. c4 Nbd7 4. Nc3 e5 5. e4 g6 6. d5 Bg7 7. h3 a5 8. Be3 O-O 9. g4 Qe7 10. Be2 Nc5 11. Nd2 Ne8 12. Qc2 f5 13. gxf5 gxf5 14. O-O-O Na6 15. f3 Qh4 16. Rdf1 Kh8 17. Rhg1 Bh6 18. Nd1 Nb4 19. Qb3 Ng7 20. c5 fxe4 21. fxe4 Bd7 22. Kb1 Bxe3 23. Qxe3 Rf4 24. cxd6 cxd6 25. Nc3 Raf8 26. Rxf4 Rxf4 27. a3 Qf2 28. Qg3 Qxg3 29. Rxg3 Rf2 30. Nc4 Ne8 31. Nxa5 Na6 32. Nxb7 Nc5 33. Nxc5 dxc5 34. Bg4 Bxg4 35. Rxg4 Nd6 36. Na4 Nc4 37. Rg5 h6 38. Rf5 Re2 39. Rf7 Nd2+ 40. Ka2 Nxe4 41. Re7 c4 42. Rc7 Rc2 43. Kb1 Rh2 44. Kc1 Rh1+ 45. Kc2 Rh2+ 46. Kd1 Rxh3 47. Rxc4 Nf6 48. Nc3 Nxd5 49. Nxd5 Rd3+ 50. Ke2 Rxd5 51. Rc7 Ra5 52. Ke3 h5 53. Ke4 h4 54. Kf5 Kg8 55. Rc4 Kf7 56. Rxh4 e4+ 57. Kf4 Ke6 58. Ke3 Rg5 59. Rxe4+ Kd5 60. Rb4 Kc5 61. Kd3 Rg3+ 62. Kc2 Rg2+ 63. Kb3 Rg3+ 64. Ka2 Rg2 65. Rb8 Rg4 66. Kb3 Rh4 67. a4 Rh3+ 68. Ka2 Rg3 69. b3 Rh3 70. Ka3 Rg3 71. a5 Kc6 72. Ka4 Rg1 73. Rb6+ Kc5 74. b4+ Kc4 75. Rc6+ Kd5 76. Kb5 Rb1 77. Rc8 Kd6 78. a6 1-0

[Event "4NCL Division Four"]
[Site "Warwick, ENG"]
[Date "2024.02.10"]
[Round "5.102"]
[White "Gibbs, Dominic V"]
[Black "Rubeck, Jonathan"]
[Result "1-0"]
[WhiteElo "1997"]
[BlackElo "1945"]
[PlyCount "79"]
[EventDate "2024.02.10"]
[WhiteTeam "Iceni 2"]
[BlackTeam "Watford A"]

1. e4 e6 2. d4 d5 3. Nd2 Nf6 4. e5 Nfd7 5. Ngf3 c5 6. c3 Nc6 7. Bd3 g6 8. h4 h5 9. O-O Be7 10. g3 g5 11. Nxg5 Bxg5 12. hxg5 Qxg5 13. Ne4 Qg7 14. Nd6+ Kd8 15. Qf3 Rf8 16. Qxh5 cxd4 17. cxd4 Nxd4 18. Bg5+ Kc7 19. Rac1+ Kb8 20. Bh6 Qxe5 21. Qxe5 Nxe5 22. Bxf8 Bd7 23. Nb5 Ndf3+ 24. Kg2 Bc6 25. Bd6+ Kc8 26. Be2 Kd7 27. Bxe5 Nxe5 28. Nd4 Kd6 29. Nxc6 bxc6 30. Rc2 f5 31. f4 Nd7 32. Rfc1 Rc8 33. Bb5 Nb8 34. b4 a6 35. Be2 a5 36. bxa5 c5 37. a6 c4 38. a7 Nc6 39. Bxc4 Nxa7 40. Ba6 1-0

[Event "4NCL Division Four"]
[Site "Warwick, ENG"]
[Date "2024.02.10"]
[Round "5.103"]
[White "Lancaster, Roger"]
[Black "Lewis, Stephen"]
[Result "1/2-1/2"]
[WhiteElo "1955"]
[BlackElo "1893"]
[PlyCount "96"]
[EventDate "2024.02.10"]
[WhiteTeam "Watford A"]
[BlackTeam "Iceni 2"]

1. c4 Nf6 2. Nc3 g6 3. g3 Bg7 4. Bg2 O-O 5. Nf3 d5 6. cxd5 Nxd5 7. O-O c6 8. Qb3 Na6 9. d4 Nac7 10. e4 Nxc3 11. bxc3 Ne6 12. Be3 Qa5 13. Rfd1 b6 14. Nd2 Ba6 15. Nc4 Qb5 16. Bf1 Qxb3 17. axb3 Bb7 18. f4 Nc7 19. Ne5 Nb5 20. Rac1 Nd6 21. Bg2 Rfc8 22. c4 c5 23. d5 Re8 24. Bf2 a5 25. Nc6 f6 26. e5 fxe5 27. fxe5 Bxc6 28. exd6 Bd7 29. dxe7 Rxe7 30. d6 Ree8 31. Bxa8 Rxa8 32. h4 Rd8 33. Be3 Bf5 34. Bf4 Bb2 35. Kf2 Bxc1 36. Rxc1 h5 37. Rc3 Rd7 38. Be5 Kf7 39. Ke3 Ke6 40. Kf4 Rf7 41. Re3 Bg4+ 42. Kg5 Bf5 43. Bf4+ Kd7 44. Re7+ Rxe7 45. dxe7 Kxe7 46. Bc7 Kd7 47. Bxb6 Kc6 48. Bxa5 Bb1 1/2-1/2

[Event "4NCL Division Four"]
[Site "Warwick, ENG"]
[Date "2024.02.10"]
[Round "5.104"]
[White "Rosenbach, Martin"]
[Black "Dairi, Ramsey"]
[Result "1-0"]
[WhiteElo "1883"]
[BlackElo "1817"]
[PlyCount "117"]
[EventDate "2024.02.10"]
[WhiteTeam "Iceni 2"]
[BlackTeam "Watford A"]

1. c4 f5 2. g3 Nf6 3. Bg2 d6 4. Nc3 e5 5. d3 Be7 6. e4 c6 7. Nge2 Qc7 8. h3 O-O 9. exf5 Bxf5 10. g4 Bg6 11. Ng3 Bd8 12. g5 Ne8 13. h4 Qf7 14. Be3 Bb6 15. O-O h5 16. b4 Nd7 17. a4 a5 18. b5 Rc8 19. bxc6 bxc6 20. Rb1 Bc5 21. Rb7 Rc7 22. Rxc7 Nxc7 23. Bxc6 Rd8 24. Nb5 Nb8 25. Bg2 Kh8 26. Nxc7 Qxc7 27. Nxh5 Na6 28. Ng3 Bxe3 29. fxe3 Qc5 30. Re1 Nb4 31. Ne4 Qc8 32. h5 Bxe4 33. Bxe4 Qh3 34. Qf3 Qxf3 35. Bxf3 Nxd3 36. Re2 Nc5 37. Bc6 Ne6 38. g6 Nc5 39. Rb2 Rc8 40. Rb6 Nd3 41. Rb5 Nb4 42. Be4 Kg8 43. Rxa5 Kf8 44. Ra8 Rxa8 45. Bxa8 Ke7 46. a5 Kf6 47. Kf1 Kg5 48. Bf3 Na6 49. Ke1 Nc5 50. Kd1 e4 51. Be2 Kf6 52. Kc2 Ke7 53. Kc3 Ke6 54. Kb4 Ke7 55. Kb5 Ke6 56. a6 Nxa6 57. Kxa6 Ke7 58. Kb6 Ke6 59. Kc6 1-0

[Event "4NCL Division Four"]
[Site "Warwick, ENG"]
[Date "2024.02.10"]
[Round "5.105"]
[White "Salvi, Amit"]
[Black "Donaghay, Richard H"]
[Result "0-1"]
[WhiteElo "1490"]
[BlackElo "1805"]
[Annotator "Ali,Jorel"]
[PlyCount "168"]
[EventDate "2024.02.10"]
[WhiteTeam "Watford A"]
[BlackTeam "Iceni 2"]

{[%evp 0,89,16,26,60,55,60,31,41,32,36,39,42,0,41,45,73,66,66,60,98,-84,27,53,
151,71,98,-23,0,21,50,34,85,88,74,75,74,21,14,-83,-87,-3 78,-374,-367,-393,
-456,-450,-552,-546,-722,1294,92,84,-114,-5,-8,-8,-295,30,-332,30,-334,-339,
-516,-271,-394,-398,-398,-322,-33 2,-335,-400,-405,-413,-434,-440,-413,-435,
-251,-443,-290,-408,-308,-382,-71,-29957,-390,-400,-344,-386,-390,-397]} 1. e4
g6 2. d4 d6 3. f4 Bg7 4. Nf3 Bg4 5. c3 Nd7 6. h3 Bxf3 7. Qxf3 e5 8. Be3 exd4 9.
cxd4 c5 10. Qf2 Qb6 11. e5 Ne7 12. Nc3 O-O 13. Bd3 cxd4 14. Bxd4 Nc5 15. Bc2
Rac8 16. O-O Qc6 17. Rad1 dxe5 18. fxe5 b6 19. b4 Ne6 20. b5 Qc7 21. Bb3 Nxd4
22. Rxd4 Qxc3 23. Rd7 Nf5 24. g4 Qg3+ 25. Qxg3 Nxg3 26. Rfxf7 Rxf7 27. Bxf7+
Kf8 28. e6 Bf6 29. Rxa7 Be7 30. a4 Ne4 31. Rb7 Ng5 32. h4 Nxf7 33. exf7 Kxf7
34. Kg2 Ra8 35. Rxb6 Rxa4 36. Kg3 Ra3+ 37. Kf4 Ra4+ 38. Kg3 Rb4 39. g5 Rc4 40.
Rb7 Ke6 41. Kh3 Rb4 42. Rb8 h6 43. Rb6+ Kf7 44. Rb7 Rb3+ 45. Kg2 Rb2+ 46. Kf3
Rb3+ 47. Kg2 Ke6 48. gxh6 Bxh4 49. h7 Bf6 50. Rb8 Kf5 51. Rf8 Rb2+ 52. Kf1 Rb1+
53. Ke2 Rh1 54. Rf7 Ke6 55. Rb7 Rh6 56. Rb6+ Kf7 57. Rb8 Rxh7 58. b6 Ke6 59.
Re8+ Be7 60. Kf2 Rh2+ 61. Kf3 Rb2 62. Rg8 Rxb6 63. Rxg6+ Bf6 64. Ke4 Rb4+ 65.
Kd3 Rd4+ 66. Ke3 Ra4 67. Kd3 Kf5 68. Rg8 Kf4 69. Re8 Rd4+ 70. Kc2 Be5 71. Kb3
Ke4 72. Rg8 Kd3 73. Rg5 Rd5 74. Rg4 Bd6 75. Rh4 Rb5+ 76. Ka4 Rb1 77. Rh3+ Kc4
78. Rh4+ Kc5 79. Rh5+ Kc6 80. Rf5 Rb8 81. Ka5 Rb1 82. Ka4 Rb4+ 83. Ka5 Rb3 84.
Ka4 Ra3# 0-1

[Event "4NCL Division Four"]
[Site "Warwick, ENG"]
[Date "2024.02.10"]
[Round "5.106"]
[White "Rosenbach, Philip"]
[Black "Patel, Ananya"]
[Result "0-1"]
[WhiteElo "1102"]
[BlackElo "1429"]
[PlyCount "84"]
[EventDate "2024.02.10"]
[WhiteTeam "Iceni 2"]
[BlackTeam "Watford A"]

1. c4 Nf6 2. g3 e6 3. Bg2 c5 4. e3 Nc6 5. d4 cxd4 6. exd4 Bb4+ 7. Bd2 Bxd2+ 8. Nxd2 Nxd4 9. Ngf3 Nxf3+ 10. Nxf3 O-O 11. O-O d5 12. cxd5 Nxd5 13. Qb3 Qb6 14. Qc4 Bd7 15. Ne5 Bb5 16. Qc2 Rfc8 17. Qe4 Bxf1 18. Rxf1 Rd8 19. Qc4 Rac8 20. Qh4 Qxb2 21. Nd3 Qf6 22. Qh5 Ne7 23. Be4 Ng6 24. Bxb7 Rb8 25. Be4 Rd4 26. Re1 Rbd8 27. Re3 Rxe4 28. Rxe4 Rxd3 29. Ra4 Rd7 30. Qb5 Qd8 31. Ra6 Rd5 32. Qa4 Rd1+ 33. Kg2 Qd5+ 34. Kh3 Rd4 35. Qe8+ Nf8 36. Rxa7 Qf5+ 37. Kg2 Rd2 38. Ra8 Qxf2+ 39. Kh3 Qf5+ 40. g4 Qf3+ 41. Kh4 Rxh2+ 42. Kg5 h6# 0-1

[Event "4NCL Division Four"]
[Site "Warwick, ENG"]
[Date "2024.02.10"]
[Round "5.111"]
[White "Cont, Arya"]
[Black "Robinson, James"]
[Result "1-0"]
[WhiteElo "2050"]
[BlackElo "1850"]
[PlyCount "63"]
[EventDate "2024.02.10"]
[WhiteTeam "Oxford 3"]
[BlackTeam "Barnet Knights C"]

1. Nf3 d5 2. g3 g6 3. Bg2 Bg7 4. O-O Nf6 5. d4 e6 6. c4 O-O 7. Nc3 c6 8. b3 Nbd7 9. Qc2 Nb6 10. c5 Nbd7 11. Bf4 Re8 12. Rfd1 Nh5 13. Bd6 f5 14. Ne5 Nhf6 15. b4 a6 16. a4 Bf8 17. Bxf8 Rxf8 18. Nd3 Ne4 19. f3 Nxc3 20. Qxc3 Qc7 21. e4 dxe4 22. fxe4 fxe4 23. Ne5 Nf6 24. Rf1 Bd7 25. Qd2 Kg7 26. Qg5 Rac8 27. Rf4 Nd5 28. Rh4 Be8 29. Nxg6 Rf5 30. Qh6+ Kg8 31. Rg4 Rf6 32. Ne7+ 1-0

[Event "4NCL Division Four"]
[Site "Warwick, ENG"]
[Date "2024.02.10"]
[Round "5.113"]
[White "Hariharan, Shambavi"]
[Black "Page, Thomas"]
[Result "1-0"]
[WhiteElo "1972"]
[BlackElo "1787"]
[PlyCount "89"]
[EventDate "2024.02.10"]
[WhiteTeam "Oxford 3"]
[BlackTeam "Barnet Knights C"]

1. d4 d5 2. c4 e6 3. g3 c6 4. Bg2 Nf6 5. Nf3 Nbd7 6. O-O Bd6 7. Qc2 e5 8. dxe5 Nxe5 9. cxd5 cxd5 10. Bg5 Be6 11. Nc3 Nc6 12. Nb5 Qd7 13. Bxf6 gxf6 14. Nxd6+ Qxd6 15. Rfd1 O-O-O 16. Nd4 Kb8 17. Nxc6+ Qxc6 18. Qxc6 bxc6 19. Rac1 Rc8 20. b4 a6 21. a4 Kb7 22. Rc5 Kb6 23. b5 axb5 24. axb5 f5 25. e3 f6 26. Bf1 Bd7 27. Bd3 d4 28. exd4 Be6 29. Bxf5 Bxf5 30. Rxf5 c5 31. Rxf6+ Kxb5 32. Rf7 h6 33. Rb7+ Kc6 34. Ra7 Rcd8 35. h3 Kb5 36. Kg2 Kb4 37. d5 c4 38. Rb7+ Kc5 39. Rb2 Rxd5 40. Rdb1 h5 41. g4 hxg4 42. hxg4 Kd4 43. f4 Rc5 44. f5 Rc7 45. Rf2 1-0

[Event "4NCL Division Four"]
[Site "Warwick, ENG"]
[Date "2024.02.10"]
[Round "5.114"]
[White "Bloom, Paul"]
[Black "Liu, Justin"]
[Result "0-1"]
[WhiteElo "1740"]
[BlackElo "1915"]
[PlyCount "92"]
[EventDate "2024.02.10"]
[WhiteTeam "Barnet Knights C"]
[BlackTeam "Oxford 3"]

1. e4 e5 2. Nf3 Nc6 3. Bb5 Nf6 4. O-O Nxe4 5. Re1 Nd6 6. Bxc6 dxc6 7. Nxe5 Be7 8. d3 O-O 9. Nd2 Re8 10. Nf1 Bf8 11. Bd2 f6 12. Ng4 Rxe1 13. Bxe1 Be6 14. Nge3 Qd7 15. Ng3 Re8 16. Bd2 b6 17. Qh5 Bf7 18. Qg4 Qxg4 19. Nxg4 f5 20. Nf6+ gxf6 21. Bc3 f4 22. Nf1 Bg7 23. h3 Be6 24. Nh2 f5 25. Nf3 Bxc3 26. bxc3 c5 27. c4 Bc8 28. Kf1 Bb7 29. Nd2 Kf7 30. Nb3 Kf6 31. a4 a5 32. Rd1 h5 33. Nd2 Bc6 34. Ra1 Nf7 35. Nb1 f3 36. gxf3 Bxf3 37. Nc3 Bc6 38. h4 Ne5 39. Re1 Nf3 40. Rxe8 Bxe8 41. Nd5+ Ke5 42. Nxc7 Bxa4 43. c3 Bc6 44. Ke2 Nxh4 45. Ke3 Ng2+ 46. Kd2 h4 0-1

[Event "4NCL Division Four"]
[Site "Warwick, ENG"]
[Date "2024.02.10"]
[Round "5.115"]
[White "Waterfield, Mark"]
[Black "McLean, Rory"]
[Result "0-1"]
[WhiteElo "1920"]
[BlackElo "1739"]
[PlyCount "100"]
[EventDate "2024.02.10"]
[WhiteTeam "Oxford 3"]
[BlackTeam "Barnet Knights C"]

1. e4 e6 2. d4 d5 3. Nd2 Nf6 4. e5 Nfd7 5. Bd3 c5 6. c3 Nc6 7. Ne2 cxd4 8. cxd4 f6 9. Nf4 Nxd4 10. Qh5+ Ke7 11. Ng6+ hxg6 12. exf6+ Nxf6 13. Qxh8 Kf7 14. O-O Qc7 15. Bxg6+ Kxg6 16. Qxf8 b6 17. Qa3 Kf7 18. Qd3 e5 19. Nf3 Bf5 20. Qa6 Nxf3+ 21. gxf3 Rh8 22. Bd2 e4 23. f4 Ng4 24. Rfc1 Qe7 25. Qa3 Qd7 26. h3 Nf6 27. Rc3 d4 28. Rg3 e3 29. fxe3 Ne4 30. Be1 Nxg3 31. Bxg3 Rxh3 32. Kf2 d3 33. Rd1 Be4 34. Qb3+ Kg6 35. Rg1 Qg4 36. f5+ Kh7 37. Qd1 Qxf5+ 38. Bf4 Rh2+ 39. Ke1 Re2+ 40. Qxe2 dxe2 41. Kxe2 Qb5+ 42. Kf2 Qxb2+ 43. Kg3 Qxa2 44. Be5 Qe2 45. Kh4 Qf2+ 46. Rg3 g6 47. Bd4 Bf5 48. Be5 Qh2+ 49. Kg5 Qh6+ 50. Kf6 Qg7+ 0-1

[Event "4NCL Division Four"]
[Site "Warwick, ENG"]
[Date "2024.02.10"]
[Round "5.116"]
[White "Page, Cristina"]
[Black "Jackson, Gary C"]
[Result "0-1"]
[WhiteElo "994"]
[BlackElo "1911"]
[PlyCount "86"]
[EventDate "2024.02.10"]
[WhiteTeam "Barnet Knights C"]
[BlackTeam "Oxford 3"]

1. e4 c5 2. Nc3 d6 3. Nf3 Nf6 4. Bc4 g6 5. O-O Bg7 6. h3 O-O 7. d3 Nc6 8. Re1 a6 9. Bf4 b5 10. Bd5 Nxd5 11. exd5 Nb8 12. Bg5 Re8 13. Re3 h6 14. Bf4 b4 15. Ne4 Bxb2 16. Rb1 Bg7 17. Qe1 Rf8 18. Ned2 Ra7 19. Qe2 Kh7 20. Re1 Re8 21. Nc4 Qd7 22. g4 Bb7 23. h4 Bxd5 24. g5 h5 25. Nh2 Bd4 26. Rg3 Bxc4 27. dxc4 Nc6 28. Qe4 Ne5 29. Qd5 e6 30. Qe4 Qa4 31. Rb3 Qxa2 32. Be3 Bc3 33. Re2 a5 34. f4 d5 35. Qg2 Nxc4 36. Bxc5 a4 37. Rxb4 Bxb4 38. Bxb4 Qa1+ 39. Re1 Qd4+ 40. Kh1 Qxf4 41. Nf3 Rf8 42. Qd2 Nxd2 43. Nxd2 Qxh4+ 0-1

[Event "4NCL Division Four"]
[Site "Warwick, ENG"]
[Date "2024.02.10"]
[Round "5.121"]
[White "Wabuti, Rose"]
[Black "Patel, Aashna"]
[Result "1-0"]
[WhiteElo "1597"]
[BlackElo "1271"]
[PlyCount "53"]
[EventDate "2024.02.10"]
[WhiteTeam "She Plays To Win Uni"]
[BlackTeam "Watford B"]

1. Nf3 Nf6 2. d4 e6 3. g3 c5 4. c3 Nc6 5. Bg2 d5 6. O-O Bd6 7. Nbd2 c4 8. Re1 O-O 9. e4 dxe4 10. Ng5 Re8 11. Nxc4 Bf8 12. Nxe4 h6 13. Bf4 Nd5 14. Bd2 e5 15. dxe5 Nxe5 16. Nxe5 Rxe5 17. c4 Nf6 18. Bc3 Qxd1 19. Raxd1 Rf5 20. Nxf6+ gxf6 21. Re8 Kg7 22. Bh3 Rc5 23. Rdd8 Bxh3 24. Rxa8 Bd6 25. Rg8+ Kh7 26. Bxf6 Rxc4 27. Rg7# 1-0

[Event "4NCL Division Four"]
[Site "Warwick, ENG"]
[Date "2024.02.10"]
[Round "5.122"]
[White "Kataria, Dhairya"]
[Black "Singha, Swati"]
[Result "0-1"]
[WhiteElo "1298"]
[BlackElo "1545"]
[PlyCount "38"]
[EventDate "2024.02.10"]
[WhiteTeam "Watford B"]
[BlackTeam "She Plays To Win Uni"]

1. e4 e5 2. Nf3 Nc6 3. Bc4 h6 4. d3 Bc5 5. Nc3 a6 6. h3 d6 7. a3 Nf6 8. Bd2 Bd7 9. O-O g5 10. Nh2 Rg8 11. Nd5 g4 12. g3 Nxd5 13. Bxd5 gxh3 14. Qh5 Rxg3+ 15. Kh1 Rg6 16. Bxh6 Qf6 17. Rg1 Rxh6 18. Ng4 Qf3+ 19. Kh2 Rxh5 0-1

[Event "4NCL Division Four"]
[Site "Warwick, ENG"]
[Date "2024.02.10"]
[Round "5.123"]
[White "Agarwal, Aditi"]
[Black "Kataria, Dheeraj"]
[Result "0-1"]
[WhiteElo "1592"]
[BlackElo "1345"]
[PlyCount "109"]
[EventDate "2024.02.10"]
[WhiteTeam "She Plays To Win Uni"]
[BlackTeam "Watford B"]

1. Nf3 d5 2. g3 Nf6 3. Bg2 Nc6 4. d3 e5 5. Nbd2 h6 6. O-O Be6 7. e4 d4 8. Re1 Qd7 9. a3 Bc5 10. Kh1 Bh3 11. Nc4 Bxg2+ 12. Kxg2 Qe6 13. Nh4 O-O-O 14. Nf5 Rh7 15. b4 Bf8 16. Bd2 g6 17. Nh4 Ne7 18. Nf3 g5 19. Bxg5 h5 20. Ncxe5 Nc6 21. Nc4 Be7 22. b5 Nb8 23. Bf4 Nfd7 24. Qb1 Rg8 25. Nxd4 Qg4 26. Nf5 Bh4 27. Nh6 Qxf4 28. Nxg8 Rg7 29. Ne7+ Bxe7 30. Qc1 Qf6 31. e5 Qe6 32. Qe3 b6 33. a4 h4 34. a5 Bc5 35. Qe4 hxg3 36. hxg3 Rg4 37. Qf3 Rg5 38. axb6 cxb6 39. Rxa7 Kd8 40. Rh1 Rf5 41. Rh8+ Ke7 42. Nd6 Bxd6 43. exd6+ Kxd6 44. Qe4 Re5 45. Qb7 Rxb5 46. Qc7+ Ke7 47. Qd8+ Kd6 48. Qc7+ Ke7 49. Rxb8 Qd5+ 50. f3 Rb2 51. Qd8+ Ke6 52. Qe8+ Kf6 53. Qh8+ Ke6 54. Re8+ Kd6 55. Qxb2 0-1

[Event "4NCL Division Four"]
[Site "Warwick, ENG"]
[Date "2024.02.10"]
[Round "5.124"]
[White "Dairi, Mahmoud"]
[Black "Khunda, Deema"]
[Result "0-1"]
[WhiteElo "1308"]
[BlackElo "1464"]
[PlyCount "103"]
[EventDate "2024.02.10"]
[WhiteTeam "Watford B"]
[BlackTeam "She Plays To Win Uni"]

1. e4 c5 2. Be2 e6 3. d3 Nc6 4. f4 d6 5. Nf3 Qc7 6. O-O Nf6 7. c3 b6 8. Na3 a6 9. Nc2 Bb7 10. f5 e5 11. Qe1 Be7 12. Ng5 h6 13. Nf3 O-O-O 14. c4 Rdg8 15. Ne3 g5 16. Nd5 Nxd5 17. cxd5 Nd4 18. Nxd4 exd4 19. Qd1 Bf6 20. Bd2 Be5 21. a4 Qe7 22. Bg4 Kb8 23. Bh5 Bf4 24. Bxf4 gxf4 25. Rxf4 Qg5 26. Rg4 Qe3+ 27. Kh1 Rxg4 28. Bxg4 a5 29. Qe2 Qg5 30. h3 f6 31. Rf1 Ba6 32. b3 h5 33. Bf3 Bc8 34. Qf2 Bd7 35. Be2 Qd2 36. Kg1 Qc2 37. Qf4 Kc7 38. e5 dxe5 39. Qf3 Kd6 40. Bd1 Qb2 41. Rf2 Qc3 42. Kh2 h4 43. g3 hxg3+ 44. Qxg3 Rh7 45. Qg6 Qe1 46. Qxf6+ Kc7 47. Re2 Qxd1 48. Qxe5+ Kb7 49. Rg2 Qxd3 50. Qg3 Qxg3+ 51. Rxg3 Bxf5 52. Rf3 0-1